00468nam a2200133 i 4500001000300000100002800003245011100031260002600142040000800168041000800176080001100184008004100195856009800236bg1 aBRASZCZYŃSKI, Janusz. 0aTeoria procesów odlewniczych.nCz. 1pCieplne podstawy procesów odlewniczych /cJanusz Braszczyński. aCzęstochowa,c1975. cBPK apol a621.74 s pl f |000 0 pol  uhttp://koha.tu.koszalin.pl/cgi-bin/koha/opac-detail.pl?biblionumber=47131yKatalog online BPK